000 00669 a2200205 4500
999 _c8704
_d8704
020 _a978xxxxx
050 0 0 _aKTL 3671 PEN 1`970
100 1 _aPenny, Peter.
_eauthor
245 1 0 _aEconomic and legal aspects of real estate in South Africa /
_cby Peter Penny.
264 _acape Town :
_bJuta & Company
_c1970
300 _axiv, 153 p.
500 _aIncludes bibliographical references and index
504 _aBibliography: p. 143-146.
650 0 _aReal property
_xValuation
650 0 _aCity planning and redevelopment law
650 0 _aEminent domain
650 0 _aReal property tax
_xLaw and legislation
942 _2lcc
_cBK
_h3671
_iPEN
_kKTL